Get lost, Becka! / (Record no. 4418)
[ view plain ]
| 000 -LEADER | |
|---|---|
| fixed length control field | 01035nam a22002897a 4500 |
| 001 - CONTROL NUMBER | |
| control field | 4418 |
| 003 - CONTROL NUMBER IDENTIFIER | |
| control field | FISKH |
| 005 - DATE AND TIME OF LATEST TRANSACTION | |
| control field | 20240822124414.0 |
| 008 - FIXED-LENGTH DATA ELEMENTS--GENERAL INFORMATION | |
| fixed length control field | 240822b cb ||||| |||| 00| 0 eng d |
| 020 ## - INTERNATIONAL STANDARD BOOK NUMBER | |
| International Standard Book Number | 9780887430138 |
| 040 ## - CATALOGING SOURCE | |
| Original cataloging agency | FISKH |
| Language of cataloging | eng |
| Transcribing agency | FISKH |
| Modifying agency | FISKH |
| 050 ## - LIBRARY OF CONGRESS CALL NUMBER | |
| Classification number | PE1119.S596 |
| 082 ## - DEWEY DECIMAL CLASSIFICATION NUMBER | |
| Edition number | 823 |
| 100 ## - MAIN ENTRY--PERSONAL NAME | |
| Personal name | Simon, Shirly |
| 245 ## - TITLE STATEMENT | |
| Title | Get lost, Becka! / |
| Statement of responsibility, etc. | Written by Shirley Simon; Illustrated by Dora Leder |
| 260 ## - PUBLICATION, DISTRIBUTION, ETC. | |
| Place of publication, distribution, etc. | Michigan : |
| Name of publisher, distributor, etc. | School Zone Publishing Company, |
| Date of publication, distribution, etc. | 1819. |
| 300 ## - PHYSICAL DESCRIPTION | |
| Extent | 16 pages : |
| Other physical details | Color illustrations ; |
| Dimensions | 23 cm |
| 505 ## - FORMATTED CONTENTS NOTE | |
| Formatted contents note | E<br/> |
| 520 ## - SUMMARY, ETC. | |
| Summary, etc. | An extremely relatable story for most children, older sister Jenny tells Becka to get lost. Feeling left out, Becka imagines how it will be when she is bigger and has more influence. |
| 521 8# - TARGET AUDIENCE NOTE | |
| Target audience note | 150L<br/> |
| Source | Lexile<br/> |
| 521 8# - TARGET AUDIENCE NOTE | |
| Target audience note | E<br/> |
| Source | Raz-Plus<br/> |
| 600 ## - SUBJECT ADDED ENTRY--PERSONAL NAME | |
| Source of heading or term | Fiction |
| Dates associated with a name | Family |
| Title of a work | Sisters |
| General subdivision | Learning How to Read |
| 600 ## - SUBJECT ADDED ENTRY--PERSONAL NAME | |
| Personal name | Picture book |
| Fuller form of name | Easy reader |
| Form subdivision | Reading On My Own At Home |
| 700 ## - ADDED ENTRY--PERSONAL NAME | |
| Personal name | Leder, Dora |
| Relator term | illustrator |
| 942 ## - ADDED ENTRY ELEMENTS (KOHA) | |
| Source of classification or shelving scheme | Dewey Decimal Classification |
| Koha item type | Books |
| Suppress in OPAC | No |
| Withdrawn status | Lost status | Source of classification or shelving scheme | Damaged status | Not for loan | Collection | Home library | Current library | Shelving location | Date acquired | Total Checkouts | Full call number | Barcode | Date last seen | Copy number | Price effective from | Koha item type |
|---|---|---|---|---|---|---|---|---|---|---|---|---|---|---|---|---|
| Dewey Decimal Classification | Fiction | Footprints International School Library Network Toul Kork Campus | Footprints International School Library Network Toul Kork Campus | A TK Campus, 4th Floor, Room B401, Fiction Bookcases (1-6) | 08/22/2024 | SIM 823 PE1119.S596 | FISBK02505 | 08/22/2024 | 1 | 08/22/2024 | Books |
